Winners and losers in the adjudicators' generation game (Record no. 117903)

MARC details
000 -LEADER
fixed length control field 01558cam a2200229 4500
001 - CONTROL NUMBER
control field ABS68122
008 - FIXED-LENGTH DATA ELEMENTS--GENERAL INFORMATION
fixed length control field 040826n2004 000 0 eng u
035 ## - SYSTEM CONTROL NUMBER
System control number (Sirsi) u127170
100 ## - MAIN ENTRY--PERSONAL NAME
Personal name Franklin, K.
245 ## - TITLE STATEMENT
Title Winners and losers in the adjudicators' generation game
260 ## - PUBLICATION, DISTRIBUTION, ETC.
Date of publication, distribution, etc. 2004
490 ## - SERIES STATEMENT
Series statement Architects' Journal
Volume/sequential designation 220(2) 8 July 2004, 40(1)
520 ## - SUMMARY, ETC.
Summary, etc. Discusses "Conor Engineering v Les Constructions Industrielle de la Mediterranee" ([2004] EWHC 899 (TCC), [2004] BLR 212-222) where CIM was engaged to design and build plant to incinerate waste and generate electricity. Subcontractor Conor referred payment disputes to an adjudicator, but CIM argued that the adjudicator's decision, in favour of Conor, was unenforceable as the works were carried out on a site where the primary activity was power generation, which were excluded from recourse to adjudication under the Housing Grants, Construction and Regeneration Act 1996. It was ruled that waste incineration was the primary activity, which is included under the Act, so the decision was judged enforceable. Concludes careful consideration should be given to the issue of whether contracts are on the included or excluded parts of the Act, before adjudication is undertaken.
590 ## - LOCAL NOTE (RLIN)
Local note ABS
590 ## - LOCAL NOTE (RLIN)
Local note ABS
650 ## - SUBJECT ADDED ENTRY--TOPICAL TERM
Topical term or geographic name entry element CONOR ENGINEERING V LES CONSTRUCTIONS INDUSTRIELLE DE LA MEDITERRANEE
650 ## - SUBJECT ADDED ENTRY--TOPICAL TERM
Topical term or geographic name entry element ADJUDICATION
650 ## - SUBJECT ADDED ENTRY--TOPICAL TERM
Topical term or geographic name entry element HOUSING GRANTS, CONSTRUCTION AND REGENERATION ACT 1996
650 ## - SUBJECT ADDED ENTRY--TOPICAL TERM
Topical term or geographic name entry element EXCLUSIONS
690 ## - LOCAL SUBJECT ADDED ENTRY--TOPICAL TERM (OCLC, RLIN)
Topical term or geographic name as entry element DISPUTE RESOLUTION-CASE LAW
942 ## - ADDED ENTRY ELEMENTS (KOHA)
Suppress in OPAC 0
Holdings
Withdrawn status Lost status Source of classification or shelving scheme Damaged status Not for loan Home library Current library Shelving location Date acquired Total Checkouts Full call number Barcode Date last seen Copy number Price effective from Koha item type
    Dewey Decimal Classification     London London Journal article 26/08/2004   ABS68122 127170-1001 06/08/2019 1 06/08/2019 Journal article